Responses for Show #6485 - Friday, November 23, 2012

Paul Nelson game 6.

Contestants

[<< previous game]

Amanda Lanyon-Lesage, a blogger from Madison, Wisconsin

Jake Ayres, a law student from San Diego, California

Paul Nelson, a Senate staff aide originally from Iowa City, Iowa (whose 5-day cash winnings total $54,900)

[next game >>]

Jeopardy! Round responses

NFL
MAGAZINES
RAISE THE BRITANNIC!
COLOR ME GOOD
FRENCH EPONYMS
USING YOUR JEOP-PS
    $200 8
sack

Jake
    $200 23
Martha Stewart

Paul
    $200 1
World War I

Triple Stumper
    $200 4
black

Amanda
    $200 13
pasteurization

Jake
    $200 24
the Chinese Theatre

Paul
    $400 18
Frank Gifford

Triple Stumper
    $400 9
(Amanda: What is style?)

shape

PaulAmanda
    $400 2
the Titanic

Paul
    $400 5
gray

Paul
    $400 14
(Alex: Yes. Jean Nicot.)

nicotine

Paul
    $400 25
the Space Needle

Paul
    $600 22
the (Detroit) Lions

Jake
    $600 19
Maxim

Triple Stumper
    $600 3
mines

Jake
    $600 12
blue

Amanda
    $600 16
silhouettes

Jake
    $600 28
(Alex: And I believe that Sarah from our Clue Crew has a job in the future, should she ever decide to leave Jeopardy!)

the Mormon Tabernacle Choir

Amanda
    $800 29
Don Shula

Triple Stumper
    $800 20
dog

Amanda
    $800 10
Greece

Triple Stumper
    $800 7
purple

Jake
    $800 15
(Alex: Yes. Pierre Magnol was his name.)

the magnolia tree

Paul
    $800 27
Fenway Park

Jake
    $1000 30
(Paul: What is "Cleats"?)

Billy "White Shoes" Johnson

Paul
Triple Stumper
    $1000 21
Marie Claire

Jake
    $1000 11
(Jacques) Cousteau

Jake
    $1000 6
green

Paul
    $1,500 17
(Louis) Daguerre

Jake
    $1000 26
the Grand Central Terminal

Triple Stumper

Scores at the first commercial break (after clue 15):

Paul Jake Amanda
$3,400 $2,800 $400

Scores at the end of the Jeopardy! Round:

Paul Jake Amanda
$3,200 $7,300 $1,800

Double Jeopardy! Round responses

AN "FL"
(Alex: Each correct response will begin with those two letters.)
KNOWEST THOU THE OLD TESTAMENT?
COLLEGES & UNIVERSITIES
DISTINCTIVE CREATURES
ALLITERATION FOR THE PEOPLE
PAUL SIMON SAYS
    $400 12
flattery

Paul
    $400 7
(Amanda: What is the earth?)

dust

PaulAmanda
    $400 20
UCLA

Jake
    $400 1
[Alex reads the clue imitating a bird.]

a parrot

Paul
    $400 26
Pablo Picasso

Jake
    $400 27
[The end-of-round signal sounds.]

all these years

Paul
    $800 11
flappers

Paul
    $800 6
Joshua

Paul
    $800 21
(Paul: What is Catholic?)
(Amanda: What is Brigham Young?)
...
(Alex: Less than a minute to go, now.)

Notre Dame

PaulAmanda
Triple Stumper
    $800 3
tusks

Paul
    $800 25
James Joyce

Jake
    $800 22
Joltin' Joe

Triple Stumper
    $1200 9
the flamingo

Jake
    $1200 4
Goliath

Paul
    $1200 13
MIT

Triple Stumper
    $1200 16
electrical

Paul
    $1200 23
Franz Ferdinand

Paul
    $1600 8
fleurs de lis

Paul
    $1600 2
Moses

Jake
    $1600 14
Methodist

Jake
    $1600 17
drink water

Jake
    $1,000 19
(Paul: Who is...)

Jesse James

Paul
    $2000 10
flummox

Jake
    $3,500 5
(Alex: Yes, the secret held by Samson--the strength from his hair.)

Delilah

Paul
    $2000 15
East Carolina University

Triple Stumper
    $2000 18
a slug

Paul
    $2000 24
(Paul: Who is Charlie Chaplin?)

Marcel Marceau

PaulJake

Scores at the end of the Double Jeopardy! Round:

Paul Jake Amanda
$14,100 $18,900 $600

[wagering suggestions for these scores]

Final Jeopardy! Round responses

BIOGRAPHIES ABOUT AUTHORS
(Alex: I believe it was on a visit to North America when he was asked if he had anything to declare and he says, "I have nothing to declare but my genius.")
AmandaWho is HP Lovecraft
$600
PaulWho is Dolly Parton
$0
JakeWho is Oscar Wilde?
$9,301
Oscar Wilde

Final scores:

Paul Jake Amanda
$14,100 $28,201 $0
2nd place: $2,000 New champion: $28,201 3rd place: $1,000

Game dynamics:

Coryat scores:

Paul Jake Amanda
$13,600 $18,400 $600
22 R
(including 1 DD),
4 W
(including 1 DD)
19 R
(including 1 DD),
0 W
4 R,
3 W

Combined Coryat: $32,600

[game clues] [game scores] [suggest correction]

Game tape date: 2012-08-22
The J! Archive is created by fans, for fans. Scraping, republication, monetization, and malicious use prohibited; this site may use cookies and collect identifying information. See terms. The Jeopardy! game show and all elements thereof, including but not limited to copyright and trademark thereto, are the property of Jeopardy Productions, Inc. and are protected under law. This website is not affiliated with, sponsored by, or operated by Jeopardy Productions, Inc. Join the discussion at JBoard.tv.